000 004820000a22001930004500
020 _a84-7228-813-7
041 0 _aSPA
082 0 4 _aG 234.8 P341l
100 1 _aPaxson, Ruth
245 1 0 _aLlamados a ser santos / Ruth Paxson
260 _aTerrassa, Barcelona, España : CLIE
300 _a102 Pág.
650 1 4 _aSANTIFICACION
001 491
942 _cBK
999 _c32010
_d32010
336 _atexto
_btxt
_2rdacontent
337 _2rdamedia
_asin mediación
_bn
338 _2rdacarrier
_avolumen
_bnc